Score 0/7 Timer 03:00
0 Plays Today
Question Answer Wrong Answers
This iconic Paris landmark opens to inaugurate the World's Fair, officially becoming the tallest man-made structure in the world.
1889
Eiffel Tower
95.2%
Notre Dame Cathedral
0.9%
Arc de Triomphe
1.3%
Sacré-Cœur Basilica
0.4%
This French thinker, remembered for his work in Geometry and for stating, 'Cogito ergo sum' (I think, therefore I am), is born.
1596
René Descartes
86%
Jean-Jacques Rousseau
11.1%
Nicolas Malebranche
1.8%
Baruch Spinoza
1.1%
The WWE, then WWF, debuts 'The Greatest Spectacle in Sports Entertainment,' at Madison Square Garden with the headline match featuring Hulk Hogan & Mr. T vs. 'Rowdy' Roddy Piper & Paul Orndorff.
1985
WrestleMania
80.2%
Royal Rumble
11%
Survivor Series
1.4%
King of the Ring
4%
Commodore Matthew Perry signs the Convention of Kanagawa, opening up trade between the United States and this country for the first time.
1854
Japan
74.3%
China
16.1%
Thailand
4.1%
Mongolia
4.6%
This English author of 'Jane Eyre' dies of tuberculosis weeks before her 39th birthday.
1855
Charlotte Brontë
61.8%
Jane Austen
34%
Elizabeth Barrett Browning
2%
Christina Rossetti
0.6%
Though abolished shortly thereafter, only to be reinstituted in 1942, the first observance of this measure takes place in the US.
1918
Daylight Saving Time
50.5%
Prohibition of Alcohol
21.1%
Legalization of Gambling
3%
Selective Service Draft
22.7%
The heads of the major Hollywood studios agree to the practices of the Motion Picture Production Code, also know by this term in honor of its developer, as a means of censoring risque content from their movies.
1930
Hays Code
46.6%
Metro Code
6.1%
Warner Code
40.7%
Washington Code
3.5%
Remove Ads.
Support Sporcle.
Get the best of Sporcle when you Go Orange. This ad-free experience offers more features, more stats, and more fun while also helping to support Sporcle. Thank you for becoming a member.

You're not logged in!

Compare scores with friends on all Sporcle quizzes.
OR
Log In

Show Comments

Extras

Top Quizzes Today


Score Distribution

Your Account Isn't Verified!

In order to create a playlist on Sporcle, you need to verify the email address you used during registration. Go to your Sporcle Settings to finish the process.

Report this User

Report this user for behavior that violates our Community Guidelines.

Details: